Suverénne fondy vo svete

Bibliographic Details
Main Author: Pauhofová, Iveta, 1960- (Author)
Format: Software eBook
Language:Slovak
PhysicalDescription:1 elektronický optický disk (CD-ROM) fareb. 12 cm
Vydané aj v tlačenej forme
Published: V Košiciach Ekonomická fakulta Technickej univerzity 2014
ISBN:9788055318561
Edition:1. vyd.
Subjects:

MARC

LEADER 00000nam a2200000 a 4500
001 vtls010678632
003 SK-MaSNL
005 20260301041505.0
007 co cg muuua
008 240318s2014 xo | fs 000 0dslo
015 |a SNBS2016 
020 |a 9788055318561  |q (elektronická kniha) 
040 |a SNK  |b slo  |c SNK  |e AACR2 
041 0 |a slo 
044 |a xo  |c SK 
072 7 |a 336.7  |x Financie  |2 konspekt 
080 |a 336.714:336.1  |2 2011 
080 |a (048.8)  |2 2011 
080 |a (0.034.44)  |2 2011 
100 1 |a Pauhofová, Iveta,  |d 1960-  |4 aut  |9 115675 
245 1 0 |a Suverénne fondy vo svete  |c Iveta Pauhofová 
250 |a 1. vyd. 
260 |a V Košiciach  |b Ekonomická fakulta Technickej univerzity  |c 2014 
300 |a 1 elektronický optický disk (CD-ROM)  |b fareb.  |c 12 cm 
500 |a Názov z titulnej obrazovky; biogr. údaje 
504 |a Bibliogr. odkazy 
516 |a Textový dokument (monografia), súbory vo formáte pdf, docx 
530 |a Vydané aj v tlačenej forme 
536 |a Projeku VEGA 2/0004/12 Paradigmy budúcich zmien v 21. storočí (geopolitické, ekonomické a kultúrne aspekty) 
538 |a Technické požiadavky: PDF prehliadač, textový editor 
650 0 7 |a suverénne fondy  |2 SNKPH  |9 133046 
650 0 7 |a Sovereign wealth funds  |2 SNKPHeng  |9 159825 
655 7 |a elektronické zdroje  |2 SNKPH  |9 90954 
655 7 |a CD-ROM  |2 SNKPH  |9 70236 
655 7 |a monografie  |2 SNKPH  |9 70139 
655 7 |a Monographs  |2 SNKPHeng  |9 120675 
655 7 |a Electronic resources  |2 SNKPHeng  |9 175546 
710 2 |a Technická univerzita v Košiciach.  |b Ekonomická fakulta  |4 pbl  |9 125914 
752 |a Slovensko  |d Košice 
776 1 |t Suverénne fondy vo svete  |w vtls010657873 
919 |a 978-80-553-1856-1 
958 |a NB 
999 |c 588613  |d 590543 
952 |a SNK  |b SNK  |y PREZ  |7 0  |p 17A1157955  |o snkSCDM 7416  |i snk2015/15320  |8 0  |0 0  |1 0  |4 0  |d 2015-05-13  |l 0  |r 2026-02-23 15:16:31  |w 2026-02-23